[Event "AUTO-INT-2740"]
[Site "http://www.queenalice.com/game.php?id=1259743"]
[Date "2014.2.25"]
[Round "2"]
[White "danoche"]
[Black "mobester"]
[Result "0-1"]
[WhiteElo "1548"]
[BlackElo "1899"]

1. e4 e5 2. Nf3 d6 3. Nc3 Qf6 4. d3 a6 5. Nd5 Qd8 6. Be3 c6 7. Nb6 Ra7 8. Nxc8
Qxc8 9. Bxa7 c5 10. Bxb8 Qxb8 11. Be2 Nf6 12. c4 Be7 13. O-O O-O 14. Rb1 Qc8 15.
a3 Qe6 16. b4 b6 17. Nd2 Ra8 0-1

[Event "AUTO-INT-2740"]
[Site "http://www.queenalice.com/game.php?id=1259744"]
[Date "2014.2.25"]
[Round "2"]
[White "mobester"]
[Black "danoche"]
[Result "1-0"]
[WhiteElo "1913"]
[BlackElo "1515"]

1. d4 d5 2. e3 Nf6 3. Bb5+ c6 4. Ba4 b5 5. Bb3 e6 6. c3 Ba6 7. Ne2 b4 8. O-O Bd6
9. a3 bxc3 10. Nbxc3 O-O 11. Bc2 Qc7 12. b4 Bxh2+ 13. Kh1 Bd6 14. g3 Nbd7 15.
Bd3 Bxd3 16. Qxd3 a6 17. Nf4 g5 18. Nh3 h6 19. e4 dxe4 20. Nxe4 Nxe4 21. Qxe4
Rae8 22. f3 f5 23. Qd3 1-0

[Event "Challenge"]
[Site "http://www.queenalice.com/game.php?id=1265799"]
[Date "2014.3.17"]
[Round "-"]
[White "Canaye"]
[Black "danoche"]
[Result "1-0"]
[WhiteElo "1898"]
[BlackElo "1495"]

1. d4 d5 2. c4 dxc4 3. e3 Nf6 4. Bxc4 e6 5. Nf3 Be7 6. O-O O-O 7. Nc3 c6 8. Re1
b5 9. Bb3 Qc7 10. e4 b4 11. Na4 c5 12. dxc5 Bxc5 13. Nxc5 Qxc5 14. Be3 Qc7 15.
Rc1 Nc6 16. Ne5 Qxe5 17. Rxc6 1-0

[Event "Challenge"]
[Site "http://www.queenalice.com/game.php?id=1265800"]
[Date "2014.3.17"]
[Round "-"]
[White "danoche"]
[Black "Canaye"]
[Result "0-1"]
[WhiteElo "1497"]
[BlackElo "1930"]

1. e4 e6 2. d4 d5 3. e5 c5 4. Nf3 Nc6 5. Bb5 Bd7 6. O-O Qb6 7. Bxc6 Bxc6 8. Be3
Qxb2 9. Nbd2 Qb6 10. c4 cxd4 11. Bxd4 Qc7 12. c5 Ne7 13. a4 Nf5 14. Nb3 Be7 15.
Re1 O-O 16. h3 Bd7 0-1

[Event "Challenge"]
[Site "http://www.queenalice.com/game.php?id=1446022"]
[Date "2016.10.16"]
[Round "-"]
[White "cyrillt"]
[Black "danoche"]
[Result "0-1"]
[WhiteElo "1545"]
[BlackElo "1554"]

1. e4 e5 2. c3 Nf6 3. Bc4 d5 4. exd5 Nxd5 5. Qf3 Be6 6. Ne2 Nc6 7. O-O Bd6 8. d4
Nce7 9. Bg5 O-O 10. Nd2 c6 11. a3 b5 12. Ba2 f6 13. Bh4 Ng6 14. Bg3 f5 15. h3 f4
16. Bh2 Nh4 17. Qh5 g5 18. Ne4 Be7 19. Bb1 Bf5 20. dxe5 Bg6 21. Qg4 h5 22. Qe6+
Kg7 23. Nd4 Bxe4 24. Bxe4 Nc7 25. Bxc6 Rb8 26. Qb3 Qc8 27. Rae1 a6 28. c4 bxc4
29. Qxc4 Rxb2 30. e6 Rf6 31. Bd7 Qb7 32. Re5 Qxg2# 0-1

[Event "Challenge"]
[Site "http://www.queenalice.com/game.php?id=1446254"]
[Date "2016.10.18"]
[Round "-"]
[White "Canaye"]
[Black "danoche"]
[Result "0-1"]
[WhiteElo "1894"]
[BlackElo "1514"]

1. d4 d5 2. c4 Nf6 3. Nc3 e6 4. cxd5 exd5 5. h3 Bd6 6. Bg5 Be6 7. e3 a6 8. Bxf6
Qxf6 9. Bd3 Bb4 10. Ne2 O-O 11. O-O Bd6 12. Bc2 Nd7 13. Qd3 g6 14. Rac1 c6 15.
a3 Rfe8 16. b4 Bf5 17. e4 Bxe4 18. Nxe4 dxe4 19. Qc3 Qg7 20. Bb3 Nf6 21. Rfe1
Nd5 22. Bxd5 cxd5 23. Qb3 Qf6 24. Qxd5 b5 25. Rc6 Rad8 26. Nc3 Qf4 27. g3 Qd2
28. Rxe4 Bf8 29. Qb3 Qc1+ 30. Kh2 Rxe4 31. Nxe4 Qxc6 32. Qe3 Kg7 33. Ng5 h6 34.
Nf3 Qf6 35. Ne5 Rd6 36. Ng4 Qg5 37. Qc3 Qd5 38. Qe3 Qxd4 39. Qxh6+ Kg8 40. Qc1
Bg7 41. Qc8+ Rd8 42. Qxa6 f5 43. Ne3 f4 44. gxf4 Qxf4+ 45. Kg1 Rd2 46. Qc8+ Kh7
47. Ng4 Qf3 48. Ne3 Qxf2+ 0-1

[Event "Challenge"]
[Site "http://www.queenalice.com/game.php?id=1446255"]
[Date "2016.10.18"]
[Round "-"]
[White "Canaye"]
[Black "danoche"]
[Result "1-0"]
[WhiteElo "1794"]
[BlackElo "1544"]

1. d4 d5 2. c4 Nf6 3. Nc3 e6 4. Bg5 Be7 5. cxd5 Nxd5 6. Bxe7 Nxe7 7. e4 O-O 8.
Nf3 b6 9. Bd3 c5 10. d5 exd5 11. exd5 Nxd5 12. Nxd5 Bb7 13. Nf4 g6 14. O-O Ba6
15. Bxa6 Nxa6 16. Qa4 Nb4 17. Rad1 Qf6 18. Nd5 Nxd5 19. Rxd5 Qxb2 20. Rfd1 a5
21. h3 Kg7 22. Ng5 h6 23. Nf3 Rae8 24. Qb3 Re2 25. Qxb2+ Rxb2 26. R1d2 Rxd2 27.
Nxd2 Re8 28. Nc4 Rb8 29. Rd6 b5 30. Nxa5 c4 31. Nc6 Ra8 32. Rd2 Ra4 33. Rb2 Ra6
34. Nd4 Rb6 35. Rxb5 Rxb5 36. Nxb5 Kf6 37. a4 Ke7 38. a5 Kd7 39. Kf1 Kc6 40. Nc3
Kb7 41. Ke2 Ka6 42. Ke3 Kxa5 43. Ke4 Kb4 44. Kd4 f5 45. f3 h5 46. g3 g5 47. Ne2
Kb3 48. Ke5 g4 49. fxg4 fxg4 50. hxg4 hxg4 51. Kf4 Kc2 52. Ke3 Kb3 53. Kf4 1-0

[Event "OS INCLIVES"]
[Site "http://www.queenalice.com/game.php?id=1446935"]
[Date "2016.10.22"]
[Round "-"]
[White "adelio"]
[Black "danoche"]
[Result "1/2-1/2"]
[WhiteElo "1622"]
[BlackElo "1439"]

1. d4 d5 2. e4 dxe4 3. Nc3 Nf6 4. f3 exf3 5. Nxf3 e6 6. Ne5 Bb4 7. Nxf7 Kxf7 8.
Bc4 Bxc3+ 9. bxc3 b6 10. O-O Ke8 11. Bg5 Rf8 12. Qe2 Qd6 13. Rad1 h6 14. Bxf6
Rxf6 15. Qh5+ Ke7 16. Rxf6 gxf6 17. Qxh6 Nc6 18. Rf1 f5 19. Qg7+ Kd8 20. Qg8+
Kd7 21. Re1 Nd8 22. Qg7+ Kc6 23. d5+ Kb7 24. dxe6 Bxe6 25. Qd4 Bxc4 26. Qxc4 Nc6
27. Qf1 Rf8 28. g3 Qc5+ 29. Kh1 Qxc3 30. Qg2 a5 31. Re6 Rd8 32. h3 Rd2 33. Re2
Rxe2 34. Qxe2 Qxg3 35. Qf1 f4 36. Qg2 Qe1+ 37. Kh2 Qe5 38. Qf3 Qf5 39. c3 Qc2+
40. Kg1 Qxa2 41. Qxf4 Qa1+ 42. Qf1 Qxc3 43. Qg2 a4 44. h4 a3 45. h5 Qb2 46. Qf3
a2 47. h6 a1=Q+ 48. Qf1 Qxf1+ 49. Kxf1 Qf6+ 50. Ke2 Qxh6 51. Kd3 Qf4 52. Kc3
Qd4+ 53. Kc2 Na5 54. Kb1 c5 55. Kc2 c4 56. Kb1 Qd2 57. Ka1 Nb3+ 58. Kb1 c3
1/2-1/2

[Event "OS INCLIVEIS"]
[Site "http://www.queenalice.com/game.php?id=1446936"]
[Date "2016.10.22"]
[Round "-"]
[White "danoche"]
[Black "adelio"]
[Result "1-0"]
[WhiteElo "1444"]
[BlackElo "1519"]

1. e4 a6 2. d4 c5 3. d5 e5 4. Nf3 d6 5. Bd3 Be7 6. c4 h5 7. O-O h4 8. h3 g5 9.
Nh2 Nd7 10. f4 Nf8 11. f5 Bf6 12. Qa4+ Bd7 13. Qd1 b5 14. b3 b4 15. Be3 Qe7 16.
a3 Nh6 17. axb4 g4 18. Nxg4 Nxg4 19. Qxg4 Kd8 20. b5 Kc7 21. bxa6 Nh7 22. Nc3
Rag8 23. Qe2 Ng5 24. Rfb1 Nxh3+ 25. Kh2 Nf4 26. Bxf4 exf4 27. Nb5+ Bxb5 28. cxb5
Be5 29. Kg1 h3 30. b6+ Kb8 31. a7+ Ka8 32. Bb5 Bd4+ 33. Qf2 Rxg2+ 34. Kf1 Rxf2+
35. Ke1 Bc3+ 36. Kxf2 Qh4+ 37. Kf1 Rc8 38. Bc6+ Rxc6 39. dxc6 Qe7 40. b7+ Qxb7
41. cxb7+ Kxb7 42. a8=Q+ Kb6 43. Qa6+ Kc7 44. Qc4 Bxa1 45. Rxa1 f3 46. Qxf7+ Kc6
47. Kf2 Kb5 48. Qc4+ Kb6 49. Ra6+ Kc7 50. Qf7+ Kb8 51. f6 h2 52. Qh7 h1=Q 53.
Qxh1 Kb7 54. Qf1 Kc7 55. f7 Kd7 56. f8=Q Kc7 57. Qe7+ Kb8 58. Qd7 d5 59. exd5 c4
60. Qa1 cxb3 61. Ra8# 1-0

[Event "AUTO-INT-3186"]
[Site "http://www.queenalice.com/game.php?id=1447295"]
[Date "2016.11.2"]
[Round "1"]
[White "akleetch"]
[Black "danoche"]
[Result "1-0"]
[WhiteElo "1829"]
[BlackElo "1570"]

1. e4 e5 2. Nc3 Nf6 3. a3 a6 4. h3 Nc6 5. Bc4 Nd4 6. d3 b5 7. Ba2 c6 8. Nf3
Nxf3+ 9. Qxf3 Bb7 10. Bg5 Be7 11. O-O-O O-O 12. Qg3 d5 13. Qxe5 h6 14. Bh4 Bd6
15. Qd4 c5 16. Bxf6 Qxf6 17. Qxf6 gxf6 18. exd5 b4 19. Ne4 Bf4+ 20. Kb1 Kg7 21.
Nxc5 bxa3 22. b3 Bxd5 23. Rhg1 Bc6 24. g3 Bd6 25. Ne4 Be7 26. g4 a5 27. f4 Rab8
28. c3 a4 29. b4 Rfc8 30. h4 Bxe4 31. dxe4 1-0

[Event "AUTO-INT-3186"]
[Site "http://www.queenalice.com/game.php?id=1447296"]
[Date "2016.11.2"]
[Round "1"]
[White "danoche"]
[Black "akleetch"]
[Result "0-1"]
[WhiteElo "1564"]
[BlackElo "1835"]

1. e4 e5 2. Nf3 Nc6 3. c3 a6 4. d4 Qe7 5. d5 Nd8 6. b4 d6 7. Bg5 f6 8. Be3 c6 9.
c4 Bg4 10. Nc3 Qc7 11. h3 Bh5 12. g4 Bg6 13. Nh4 Bf7 14. a4 cxd5 15. exd5 Ne7
16. a5 g5 17. Nf3 Bg7 18. Rc1 Qd7 19. Qd3 Bg6 20. Qd1 O-O 21. h4 gxh4 22. Nxh4
f5 23. Nxg6 Nxg6 24. g5 Rf7 25. Qh5 Bh8 26. f3 Qe7 27. Bd2 e4 28. Kf2 Bd4+ 29.
Be3 Bxe3+ 0-1

[Event "AUTO-INT-3186"]
[Site "http://www.queenalice.com/game.php?id=1447309"]
[Date "2016.11.2"]
[Round "1"]
[White "Narizinho"]
[Black "danoche"]
[Result "1-0"]
[WhiteElo "1154"]
[BlackElo "1559"]

1. e4 e5 2. Nf3 Nc6 3. Nc3 a6 4. Be2 Nf6 5. O-O d5 6. exd5 Nxd5 7. d3 Be7 8. Bg5
f6 9. Bd2 Be6 10. Be3 Nxe3 11. fxe3 Nb4 12. a3 Nd5 13. d4 Nxc3 14. bxc3 e4 15.
Nd2 f5 16. Bh5+ 1-0

[Event "AUTO-INT-3186"]
[Site "http://www.queenalice.com/game.php?id=1447310"]
[Date "2016.11.2"]
[Round "1"]
[White "danoche"]
[Black "Narizinho"]
[Result "0-1"]
[WhiteElo "1529"]
[BlackElo "1184"]

1. e4 e5 2. Nf3 Nf6 3. d3 Nc6 4. a3 Be7 5. Be3 O-O 6. Nc3 d6 7. h3 Bd7 8. Nd5
Nxd5 9. exd5 Na5 10. b4 b6 11. bxa5 bxa5 12. c4 Qe8 13. Be2 a6 14. Rb1 a4 15. g4
c5 0-1

[Event "AUTO-INT-3186"]
[Site "http://www.queenalice.com/game.php?id=1447319"]
[Date "2016.11.2"]
[Round "1"]
[White "danoche"]
[Black "vogeleduardo"]
[Result "0-1"]
[WhiteElo "1472"]
[BlackElo "1460"]

1. e4 e5 2. Nf3 Nc6 3. d4 exd4 4. Nxd4 Nxd4 5. Qxd4 d6 6. Bd3 Be6 7. Nc3 c6 8.
O-O Qf6 9. Qxf6 Nxf6 10. a3 g6 11. Bf4 O-O-O 12. Rad1 Bg7 13. e5 dxe5 14. Bxe5
Ne8 15. Bf4 Nc7 16. Bxc7 Kxc7 17. h3 Rd4 0-1

[Event "AUTO-INT-3186"]
[Site "http://www.queenalice.com/game.php?id=1447320"]
[Date "2016.11.2"]
[Round "1"]
[White "vogeleduardo"]
[Black "danoche"]
[Result "1-0"]
[WhiteElo "1476"]
[BlackElo "1456"]

1. e4 e5 2. Nf3 Nc6 3. Bc4 Nf6 4. Nc3 Bc5 5. Ng5 O-O 6. O-O d6 7. Qf3 Bg4 8. Qg3
Qd7 9. h3 Be6 10. Nxe6 fxe6 11. d3 d5 12. exd5 exd5 13. Bb3 1-0

[Event "Challenge"]
[Site "http://www.queenalice.com/game.php?id=1447503"]
[Date "2016.11.2"]
[Round "-"]
[White "walbert"]
[Black "danoche"]
[Result "0-1"]
[WhiteElo "1544"]
[BlackElo "1538"]

1. e4 e5 2. Nf3 Nc6 3. Nc3 Nf6 4. Bc4 a6 5. O-O b5 6. Bd5 Rb8 7. Ng5 Nxd5 8. Qf3
Nf4 9. d3 Nd4 10. Qe3 Nxc2 0-1

[Event "Challenge"]
[Site "http://www.queenalice.com/game.php?id=1450534"]
[Date "2016.11.16"]
[Round "-"]
[White "danoche"]
[Black "TIKAR"]
[Result "0-1"]
[WhiteElo "1441"]
[BlackElo "1864"]

1. d4 d5 2. Nc3 h6 3. e4 dxe4 4. Nxe4 Nc6 5. h3 Nxd4 6. Be3 e5 7. c3 Ne6 8. Nf3
Bd6 9. Nxd6+ cxd6 10. Bb5+ Bd7 11. Bxd7+ Qxd7 12. O-O Nf6 13. Qd5 Nxd5 14. Bd2
O-O 15. c4 Nf6 16. Rfe1 b5 17. b3 Nc5 18. Rad1 Rfe8 19. Be3 bxc4 20. Bxc5 Re6
21. Nxe5 Qc7 22. Bxd6 Rxd6 23. Rxd6 Qxd6 24. Nxc4 Qb4 25. Re3 Nd5 26. a3 Qb7 27.
Rg3 Nf4 28. Kf1 Re8 29. Nd6 Qd7 30. Nf5 Qd1# 0-1

[Event "Fontenay"]
[Site "http://www.queenalice.com/game.php?id=1456244"]
[Date "2016.12.24"]
[Round "1"]
[White "danoche"]
[Black "Canaye"]
[Result "0-1"]
[WhiteElo "1446"]
[BlackElo "1855"]

1. e4 e6 2. d4 d5 3. e5 c5 4. Nf3 Nc6 5. a3 cxd4 6. Nxd4 Nxe5 7. Be2 Ne7 8. b4
N7c6 9. Bb5 Bd7 10. Nxc6 Bxc6 11. Be2 b5 12. Nc3 a5 13. bxa5 Rxa5 14. O-O Be7
15. f4 Nc4 16. Bxc4 bxc4 17. Be3 Bf6 18. Bd4 O-O 19. g4 Bxd4+ 20. Qxd4 Qh4 21.
g5 Rfa8 22. Qb6 d4 23. Qxc6 dxc3 24. a4 Qg4+ 25. Kh1 Qe2 26. Rfc1 g6 27. Ra2 Rd8
28. Raa1 Rad5 29. a5 Rd2 0-1